000 01528nam a2200385 a 4500
001 60301
003 CO-BoRNBP
005 20260122130142.0
007 ta
008 251105s2025 ck gr 000 0 spa d
020 _a9789587536539
040 _aCO-BoBLA
_bspa
_cCO-BoBLA
_erda
041 1 _aspa
_hfre
043 _as-ck---
082 0 4 _aCo860.9
_bD36
_221
245 0 0 _a¿De qué escriben las escritoras en Colombia? :
_bnota editorial /
_ccoordinación editorial Pilar Quintana ; edición de Ana Lucía Barros, Camila Charry Noriega, Natalia Mejía E. ; traducción de Natalia Garzón Martínez.
250 _a1a. edición
264 1 _aBogotá :
_bMinisterio de las Culturas, las Artes y los Saberes,
_c2025.
300 _a93 páginas ;
_c21 cm.
336 _atexto
_btxt
_2rdacontent
337 _asin mediación
_bn
_2rdamedia
338 _avolumen
_bnc
_2rdacarrier
490 1 _aBiblioteca de Escritoras Colombianas
500 _aSegunda entrega.
504 _aIncluye referencias bibliográficas: p. 87-91.
650 7 _aHistoria y crítica de la literatura colombiana.
_2BLAAUTO
_968236
650 7 _aAutoras colombianas
_xCrítica e interpretación.
_2BLAAUTO
_968237
700 1 2 _aQuintana Villalobos, Pilar,
_d1972-
_ecoordinadora editorial
_91850
700 1 2 _aBarros, Ana Lucia,
_eeditora
_91091
700 1 2 _aCharry Noriega, Camila
_eeditora
_91125
700 1 2 _aMejía E., Natalia,
_d1986-
_eeditora
_968238
700 1 2 _aGarzón Martínez, Natalia
_etraductora
_91104
942 _2ddc
_cBK
949 _ac
_bc
999 _c60301
_d60301